LEADER 01373nam a2200301 a 4500 001 000000127185 003 CaOOAMICUS 005 20111124101310.0 008 111124s1964 it ae u000 u ita r 040 $aPUL$bita 100 1 $aEnking, Ragna.$0(OLS)http://pul/name/81120 245 10$aS. Andrea cata Barbara e S. Antonio Abbate sull'Esquilino (in Via Carlo Alberto) /$cRagna Enking ; traduzione del prof. Carlo Picchio. 246 13$aS. Antonio abbate sull'Esquilino 260 $aRoma :$bMarietti,$c1964. 300 $a124 p., [1] p. di tav. ripieg. :$bill., piante ;$c17 cm 490 1 $aLe chiese di Roma illustrate ;$v83 500 $aInclude indici. 500 $aSulla coperta: Edizioni Roma. 651 4$aRoma$xChiese.$0(OLS)http://pul/subject/25282 700 1 $aPicchio, Carlo.$0(OLS)http://pul/name/81121 830 3$aLe chiese di Roma illustrate ;$v83.$0(OLS)http://pul/title/1079 850 $aPUL 852 $aPUL$W1$xDP1 Fondo Maccarrone$y58$m1508 B 26$j147082$qFondi$B145779$CPULBib$Z2$F145779 $H02287 $82 941 1 $a1 996 $6245$aS. Andrea cata Barbara e S. Antonio Abbate sull'Esquilino (in Via Carlo Alberto)$9(OLS)http://pul/title/160689 996 $6246$aS. Antonio abbate sull'Esquilino$9(OLS)http://pul/title/160690 996 $6260$aRoma :$bMarietti$9(OLS)http://pul/publisher/53040 LEADER 01582nam a2200337 i 4500 001 000000108944 003 CaOOAMICUS 005 20080109165002.0 008 080109s2007 it 000 u ita c 020 $z978-88-452-5974-6* 040 $aPUL$bita$dLDB 041 1 $aita$agrc$hgrc 100 0 $aGregorius Nyssenus,$cs.,$dc. 335-c. 394.$0(OLS)http://pul/name/3044 245 10$aSull'anima e la Resurrezione /$cGregorio di Nissa ; introduzione, traduzione, note e apparati a cura di Ilaria Ramelli. 260 $aMilano :$bBompiani,$c2007. 300 $a1352 p. ;$c22 cm. 490 1 $aBompiani Il pensiero occidentale 504 $aBibliografia: p. [1217]-1345. 546 $aTesto greco a fronte. 700 1 $aRamelli, Ilaria.$0(OLS)http://pul/name/55739 700 0 $aGregorius Nyssenus,$cs.,$dc. 335-c. 394.$tDialogus de anima et resurrectione.$0(OLS)http://pul/nameTitle/350$0(OLS)http://pul/name/3044$0(OLS)http://pul/title/132413 830 0$aBompiani Il pensiero occidentale.$0(OLS)http://pul/title/99836 850 $aPUL 852 $aPUL$W1$xSL Filosofia 3$y81$m190 COLL 2.33$j124475$qDDC 21$B123149$CPULBib$Z2$F123149 $H105991 $82 900 $aGregorio di Nissa,$cs.,$dc. 335-c. 394$93044 900 $aGregorio di Nissa,$cs.,$dc. 335-c. 394$93044 941 1 $a9 983 3$aIl pensiero occidentale (Bompiani) 996 $6020$z978-88-452-5974-6*$9(OLS)http://pul/number/136651 996 $6245$aSull'anima e la Resurrezione$9(OLS)http://pul/title/137073 996 $6260$aMilano :$bBompiani$9(OLS)http://pul/publisher/48240